Retrouvez les titres des oeuvres du Douanier Rousseau - Statistiques

Statistiques générales
  • Ce quiz a été pris 8 fois
  • Le résultat moyen est 24 sur 50
Statistiques - réponses
Par images Réponse % Correct
Eve dans le jardin d'{Eden}
86%
{Femme} se promenant dans une forêt exotique
86%
La {basse}-cour
86%
La Bohémienne {endormie}
86%
La {Falaise}
86%
Le repas du {lapin}
86%
Moi-même, {portrait}-paysage
86%
{Portrait} de Mme M
86%
Vue de la tour {Eiffel}
86%
Vue du {pont} de Sèvres
86%
Deux {lions} à l'affut dans la jungle
71%
Eclaireurs {attaqué} par un tigre
71%
{Eve]
71%
Jeune {fille} en rose
71%
La {bougie} rose
71%
La chasse au {tigre}
71%
La {Famille}
71%
La {jungle} équatoriale
71%
La {muse} inspirant le poète
71%
Le passé et le {présent}
71%
Forêt tropicale avec {singes}
57%
La {carriole} du Père Junier
57%
La {promenade} dans la forêt
57%
La récolte des {bananes}
57%
L'enfant à la {poupée}
57%
La {charmeuse} de serpents
43%
La {Guerre}
43%
Les {Flamants}
43%
Pêcheurs à la {ligne}
43%
Portrait de l'artiste à la {lampe}
43%
Combat de tigre et de {buffle}
29%
Forêt {vierge} au soleil couchant
29%
La {fabrique} de chaises
29%
La {Noce}
29%
Le {navire} dans la tempête
29%
Les joueurs de {football}
29%
Portrait de la {seconde} femme de Rousseau
29%
Promeneurs dans un {parc}
29%
Le {moulin} d'Alfort
14%
L'enfant aux {rochers}
14%
{Mauvaise} surprise
14%
Paysage avec {ruines}
14%
Un soir de {carnaval}
14%
Heureux {quatuor}
0%
La {Cascade}
0%
Les {joyeux} farceurs
0%
L'{Herbage}
0%
L'{Octroi}
0%
Portrait de Frumence Biche en {civil}
0%
Pour fêter le {bébé}
0%
Aucun quiz correspondant
Distribution des résultats
% des personnes avec chaque résultat
Percentile par nombre de réponses
Votre historique - résultats
Vous n’avez pas pris ce quiz